000 00531nam a2200181Ia 4500
999 _c14230
_d14230
003 OSt
005 20201021100754.0
008 190216s9999||||xx |||||||||||||| ||und||
020 _a9781853268984
040 _coclc
082 _a398.2
_bGRI/C
100 _aGrimm, The Brothers
_96000
245 4 _aThe Complete Fairy Tales /
_cThe Brothers Grimm
260 _bWordsworth Editions Ltd ,
_aEngland:
_c1997.
300 _a830p
650 _aEnglish General
942 _cBK
_2ddc
_h398.2
_iGRI/C
_k398.2
_mGRI/C